Êtes-vous rapide ? Test de rapidité 5 doigts - Statistiques

Statistiques générales
  • Ce quiz a été pris 305 fois
  • Le résultat moyen est 5 sur 15
Statistiques - réponses
Doigts % Correct
Pouce
100%
Index
85%
Majeur
74%
Annulaire
55%
Auriculaire
40%
Pouce
33%
Index
27%
Majeur
24%
Annulaire
16%
Auriculaire
12%
Pouce
11%
Index
9%
Majeur
8%
Annulaire
7%
Auriculaire
6%
Aucun quiz correspondant
Distribution des résultats
% des personnes avec chaque résultat
Percentile par nombre de réponses
Votre historique - résultats
Vous n’avez pas pris ce quiz